000 00296nam a2200121Ia 4500
008 190216s9999||||xx |||||||||||||| ||und||
100 _aSamuel Richardson Reld
245 0 _a"Mergers,Managers,And The Economy"
260 _bMcgraw -hill
_c1968
300 _a302p
650 _aCommerce
942 _cBK
999 _c4518
_d4518